000 00814nam0a22002411 4500
001 rc\2611225
005 20230428134448.0
035 _a(NLR Aleph) 006775093
090 _a5985274
_c5985274
100 _a20110914d1930 |||y0rusy50 ca
101 0 _arus
102 _aRU
105 _ay z |||||
200 1 _aЛицом к району
_eПрактич. вопросы ликвидации округов Моск. области
_fБ. Гибер
210 _aМосква
_cизд-во Мособлисполкома
_d1930
_g"Мосполиграф", 16-я тип.
215 _a48 с.
_d15х11 см.
700 1 _aГибер
_bБ. В.
_gБорис Владимирович
801 0 _aRU
_bNLR
_gpsbo
801 1 _aRU
_bELAR
_2rusmarc
852 _aNLR
_j30.8/6311
942 _cBOOK
980 _aNB